| 000 | 01298nam a22003135a 4500 | ||
|---|---|---|---|
| 003 | EG-ScBUE | ||
| 005 | 20211012093312.0 | ||
| 008 | 180106s2007 ua a f b 000 0 ara d | ||
| 017 | _a2007 / 3940 | ||
| 040 |
_aEG-ScBUE _bara _erda _cEG-ScBUE _dEG-ScBUE |
||
| 082 | 0 | 4 |
_a658.402 _bهـ و ا _222 |
| 100 | 1 |
_aالهواري، سيد، _eمؤلف. |
|
| 245 | 1 | 2 |
_aالتنظيم الكلاسيكي والسلوكي والموقفي والمنظومي في ضوء الفكر الإداري العالمي المعاصر / _cالدكتور سيد الهواري، أستاذ إدارة أعمال بجامعة عين شمس. |
| 250 | _aالطبعة السابعة. | ||
| 264 | 1 |
_aالقاهرة : _bسيد الهواري، _c2007. |
|
| 300 |
_a448 صفحة : _bإيضاحيات ؛ _c24 سم |
||
| 336 |
_2rdacontent _aنص _btxt |
||
| 337 |
_2rdamedia _aبدون وسيط _bn |
||
| 338 |
_2rdacarrier _aمجلد _bnc |
||
| 504 | _aيشتمل على إرجاعات ببليوجرافية. | ||
| 541 | _cإهداء. | ||
| 650 | 7 |
_aالإدارة العامة. _2BUEsh _916373 |
|
| 650 | 7 |
_aالتنظيم الإداري. _2BUEsh _941115 |
|
| 650 | 7 |
_aالسلوك الإداري. _2BUEsh |
|
| 651 | _2BUEsh | ||
| 653 |
_bBUSADM _bGGEN _cJanuary2018 |
||
| 655 |
_vReading book _934232 |
||
| 942 | _2ddc | ||
| 999 |
_c25875 _d25847 |
||